<?xml version="1.0" encoding="UTF-8"?>
<collection xmlns="http://www.loc.gov/MARC21/slim">
    <record>
        <controlfield tag="001">98263</controlfield>
        <controlfield tag="005">20210212121620.0</controlfield>
        <datafield tag="024" ind1="7" ind2=" ">
            <subfield code="2">doi</subfield>
            <subfield code="a">10.33776/rem.v0i53.3922</subfield>
        </datafield>
        <datafield tag="024" ind1="8" ind2=" ">
            <subfield code="2">sideral</subfield>
            <subfield code="a">121926</subfield>
        </datafield>
        <datafield tag="037" ind1=" " ind2=" ">
            <subfield code="a">ART-2019-121926</subfield>
        </datafield>
        <datafield tag="041" ind1=" " ind2=" ">
            <subfield code="a">eng</subfield>
        </datafield>
        <datafield tag="100" ind1=" " ind2=" ">
            <subfield code="0">(orcid)0000-0001-6499-6837</subfield>
            <subfield code="a">Bolea, L.</subfield>
            <subfield code="u">Universidad de Zaragoza</subfield>
        </datafield>
        <datafield tag="245" ind1=" " ind2=" ">
            <subfield code="a">Europeanization vs. Globalization? A deeper look into income and employment embodied in intra-European trade</subfield>
        </datafield>
        <datafield tag="260" ind1=" " ind2=" ">
            <subfield code="c">2019</subfield>
        </datafield>
        <datafield tag="506" ind1="0" ind2=" ">
            <subfield code="a">Access copy available to the general public</subfield>
            <subfield code="f">Unrestricted</subfield>
        </datafield>
        <datafield tag="520" ind1="3" ind2=" ">
            <subfield code="a">Production processes are nowadays increasingly global, implying interdependent structures linking goods, processes and countries. Traditional economic blocks and sectoral intra-country linkages coexist with increasing worldwide dependencies. Recent literature supports the hypothesis of a new globalization process taking place in the late 1990s and the 21st century, centred on the consolidation of increasingly competitive macro-regions at a global level, with a growing specialization of countries within them. We propose a multiregional input-output (MRIO) model of the European Union (EU) to analyse whether the generation of employment and income in Europe in recent decades can be defined as a process that is mainly regional or global (involving countries within the region versus countries outside Europe). Our results show that intra-EU trade is an important factor contributing to income and employment growth, more oriented to intermediate inputs, in the same way as extra-EU trade, despite the fact that some European countries are more specialized in final goods, mainly driven by high-income EU countries. 

Los procesos de producción son hoy en día cada vez más globales, lo que implica estructuras interdependientes que vinculan bienes, procesos y países. Los bloques económicos tradicionales y los vínculos sectoriales dentro del país coexisten con dependencias mundiales crecientes. La literatura reciente respalda la hipótesis de un nuevo proceso de globalización que tuvo lugar a fines de los años 90 y el siglo XXI, centrado en la consolidación de macro-regiones cada vez más competitivas a nivel global, con una creciente especialización de los países dentro de ellas. Proponemos un modelo multirregional input-output (MRIO) de la Unión Europea (UE) para analizar si la generación de empleo e ingresos en Europa en las últimas décadas se puede definir como un proceso que es principalmente regional o global. Nuestros resultados muestran que el comercio intracomunitario es un factor importante que contribuye al crecimiento de los ingresos y el empleo, más orientado a los inputs intermedios, de la misma manera que el comercio extracomunitario, a pesar del hecho de que algunos países europeos están más especializados en productos finales, principalmente demandados por países de altos ingresos de la UE.</subfield>
        </datafield>
        <datafield tag="540" ind1=" " ind2=" ">
            <subfield code="9">info:eu-repo/semantics/openAccess</subfield>
            <subfield code="a">by</subfield>
            <subfield code="u">http://creativecommons.org/licenses/by/3.0/es/</subfield>
        </datafield>
        <datafield tag="590" ind1=" " ind2=" ">
            <subfield code="a">0.26</subfield>
            <subfield code="b">2019</subfield>
        </datafield>
        <datafield tag="591" ind1=" " ind2=" ">
            <subfield code="a">ECONOMICS</subfield>
            <subfield code="b">364 / 371 = 0.981</subfield>
            <subfield code="c">2019</subfield>
            <subfield code="d">Q4</subfield>
            <subfield code="e">T3</subfield>
        </datafield>
        <datafield tag="592" ind1=" " ind2=" ">
            <subfield code="a">0.164</subfield>
            <subfield code="b">2019</subfield>
        </datafield>
        <datafield tag="593" ind1=" " ind2=" ">
            <subfield code="a">History</subfield>
            <subfield code="c">2019</subfield>
            <subfield code="d">Q2</subfield>
        </datafield>
        <datafield tag="593" ind1=" " ind2=" ">
            <subfield code="a">Political Science and International Relations</subfield>
            <subfield code="c">2019</subfield>
            <subfield code="d">Q3</subfield>
        </datafield>
        <datafield tag="593" ind1=" " ind2=" ">
            <subfield code="a">Social Sciences (miscellaneous)</subfield>
            <subfield code="c">2019</subfield>
            <subfield code="d">Q3</subfield>
        </datafield>
        <datafield tag="593" ind1=" " ind2=" ">
            <subfield code="a">Geography, Planning and Development</subfield>
            <subfield code="c">2019</subfield>
            <subfield code="d">Q4</subfield>
        </datafield>
        <datafield tag="593" ind1=" " ind2=" ">
            <subfield code="a">Transportation</subfield>
            <subfield code="c">2019</subfield>
            <subfield code="d">Q4</subfield>
        </datafield>
        <datafield tag="593" ind1=" " ind2=" ">
            <subfield code="a">Economics and Econometrics</subfield>
            <subfield code="c">2019</subfield>
            <subfield code="d">Q4</subfield>
        </datafield>
        <datafield tag="655" ind1=" " ind2="4">
            <subfield code="a">info:eu-repo/semantics/article</subfield>
            <subfield code="v">info:eu-repo/semantics/publishedVersion</subfield>
        </datafield>
        <datafield tag="700" ind1=" " ind2=" ">
            <subfield code="0">(orcid)0000-0003-3113-1698</subfield>
            <subfield code="a">Duarte, R.</subfield>
            <subfield code="u">Universidad de Zaragoza</subfield>
        </datafield>
        <datafield tag="700" ind1=" " ind2=" ">
            <subfield code="0">(orcid)0000-0001-6267-990X</subfield>
            <subfield code="a">Jarne, G.</subfield>
            <subfield code="u">Universidad de Zaragoza</subfield>
        </datafield>
        <datafield tag="700" ind1=" " ind2=" ">
            <subfield code="a">Marschinski, R.</subfield>
        </datafield>
        <datafield tag="700" ind1=" " ind2=" ">
            <subfield code="a">Rueda-Cantuche, J.M.</subfield>
        </datafield>
        <datafield tag="700" ind1=" " ind2=" ">
            <subfield code="0">(orcid)0000-0001-9521-4156</subfield>
            <subfield code="a">Sánchez-Chóliz, J.</subfield>
            <subfield code="u">Universidad de Zaragoza</subfield>
        </datafield>
        <datafield tag="700" ind1=" " ind2=" ">
            <subfield code="0">(orcid)0000-0003-4802-600X</subfield>
            <subfield code="a">Sarasa, C.</subfield>
            <subfield code="u">Universidad de Zaragoza</subfield>
        </datafield>
        <datafield tag="710" ind1="2" ind2=" ">
            <subfield code="1">4000</subfield>
            <subfield code="2">415</subfield>
            <subfield code="a">Universidad de Zaragoza</subfield>
            <subfield code="b">Dpto. Análisis Económico</subfield>
            <subfield code="c">Área Fund. Análisis Económico</subfield>
        </datafield>
        <datafield tag="773" ind1=" " ind2=" ">
            <subfield code="g">2019, 53 (2019), 23-44</subfield>
            <subfield code="p">Rev. econ. mund.</subfield>
            <subfield code="t">REVISTA DE ECONOMIA MUNDIAL</subfield>
            <subfield code="x">1576-0162</subfield>
        </datafield>
        <datafield tag="856" ind1="4" ind2=" ">
            <subfield code="s">495189</subfield>
            <subfield code="u">http://zaguan.unizar.es/record/98263/files/texto_completo.pdf</subfield>
            <subfield code="y">Versión publicada</subfield>
        </datafield>
        <datafield tag="856" ind1="4" ind2=" ">
            <subfield code="s">756617</subfield>
            <subfield code="u">http://zaguan.unizar.es/record/98263/files/texto_completo.jpg?subformat=icon</subfield>
            <subfield code="x">icon</subfield>
            <subfield code="y">Versión publicada</subfield>
        </datafield>
        <datafield tag="909" ind1="C" ind2="O">
            <subfield code="o">oai:zaguan.unizar.es:98263</subfield>
            <subfield code="p">articulos</subfield>
            <subfield code="p">driver</subfield>
        </datafield>
        <datafield tag="951" ind1=" " ind2=" ">
            <subfield code="a">2021-02-12-12:06:22</subfield>
        </datafield>
        <datafield tag="980" ind1=" " ind2=" ">
            <subfield code="a">ARTICLE</subfield>
        </datafield>
    </record>

    
</collection>